000 00616 a2200205 4500
005 20180914103909.0
010 _aENG-86036
020 _a007063422X
_c195.00
035 _aEN-69569
037 _bD.B.Act / Pub
082 _a621.3
100 _aNaidu, M.S.
245 _aBasic electrical engineering /
_cby M.S.Naidu and S.Kamakshaiah
260 _aNew Delhi
_bTata Mc-Graw Hill Publishing
_c2007
270 _a7, West Patel Nagar
_bNew Delhi
_e110 008
300 _axviii, 682 p.
_c23 cm. (Pbk.)
500 _aIncludes index.
700 _aKamakshaiah, S.
942 _adpl
_cEN
_2ddc
_h621.3
_mNAI
999 _c4009
_d4009